Normal view
MARC view
- Mustafa, Atta ul
Entry Personal Name
001 - CONTROL NUMBER
- control field: 119691
003 - CONTROL NUMBER IDENTIFIER
- control field: NUST
005 - DATE AND TIME OF LATEST TRANSACTION
- control field: 20231212164725.0
008 - FIXED-LENGTH DATA ELEMENTS
- fixed length control field: 231212|| aca||aabn | a|a d
040 ## - CATALOGING SOURCE
- Original cataloging agency: NUST
- Transcribing agency: NUST
100 ## - HEADING--PERSONAL NAME
- Personal name: Mustafa, Atta ul
670 ## - SOURCE DATA FOUND
- Source citation: Work cat.: (NUST): Mustafa, Atta ul, Acoustic Emission of Engine Valve Train /
